Material culture and identities in Egyptology : towards a better understanding of cultural encounters and their influence on material culture /

محفوظ في:

المؤلف الرئيسي: Bader, Bettina (مؤلف)

التنسيق: كتاب

اللغة: English

منشور في: Vienna : Austrian Academy of Sciences Press, [2021]

سلاسل: Archaeology of Egypt, Nubia and the Levant ; v.3

الموضوعات:

الوسوم: إضافة وسم

لا توجد وسوم, كن أول من يضع وسما على هذه التسجيلة!

رقم الطلب: DT61 B33 v.3

LEADER 02196nam a22004577a 4500
005 20260504062851.0
008 260504t20212021au abe b 000 0 eng d
020 |a 370018798X  |q (hardcover) 
020 |a 9783700187981  |q (hardcover) 
035 |a (OCoLC)1246145381 
040 |a YDX  |b eng  |e rda  |c YDX  |d OHX  |d MZA  |d YDX  |d OCLCO  |d JPG  |d OCLCF  |d CGU 
043 |a f-ua--- 
050 1 4 |a DT61  |b B33 v.3 
082 0 4 |a 932  |2 23 
100 1 |a Bader, Bettina,  |e author.  |0 http://id.loc.gov/authorities/names/nb2002100177  |1 http://viaf.org/viaf/65980291 
245 1 0 |a Material culture and identities in Egyptology :  |b towards a better understanding of cultural encounters and their influence on material culture /  |c Bettina Bader. 
246 3 0 |a Towards a better understanding of cultural encounters and their influence on material culture 
264 1 |a Vienna :  |b Austrian Academy of Sciences Press,  |c [2021] 
264 4 |c ©2021 
300 |a 130 pages :  |b illustrations (some color), map, plans ;  |c 31 cm. 
336 |a text  |b txt  |2 rdacontent  |0 http://id.loc.gov/vocabulary/contentTypes/txt 
336 |a still image  |b sti  |2 rdacontent  |0 http://id.loc.gov/vocabulary/contentTypes/sti 
337 |a unmediated  |b n  |2 rdamedia  |0 http://id.loc.gov/vocabulary/mediaTypes/n 
338 |a volume  |b nc  |2 rdacarrier  |0 http://id.loc.gov/vocabulary/carriers/nc 
490 1 |a AESL, Archaeology of Egypt, Sudan and the Levant ;  |v volume 3 
504 |a Includes bibliographical references. 
650 0 |a Material culture  |z Egypt. 
650 0 |a Egyptology.  |0 http://id.loc.gov/authorities/subjects/sh85041367 
650 7 |a Antiquities.  |2 fast  |0 (OCoLC)fst00810745 
650 7 |a Civilization.  |2 fast  |0 (OCoLC)fst00862898 
650 7 |a Egyptology.  |2 fast  |0 (OCoLC)fst00904000 
650 7 |a Material culture.  |2 fast  |0 (OCoLC)fst01011739 
651 0 |a Egypt  |x Civilization.  |0 http://id.loc.gov/authorities/subjects/sh85041265 
651 0 |a Egypt  |x Antiquities.  |0 http://id.loc.gov/authorities/subjects/sh85041263 
651 7 |a Egypt.  |2 fast  |0 (OCoLC)fst01208755 
830 0 |a Archaeology of Egypt, Nubia and the Levant ;  |v v.3 
903 |a HeVa 
942 |2 lcc  |c BK 
980 |a 20210512  |f 0254621  |g 1 
990 |b 98.00 
999 |c 62215  |d 62215